Les 20 plus grandes villes de la Seine-Maritime sur une carte - Statistiques

Statistiques générales
  • Ce quiz a été pris 119 fois
  • Le résultat moyen est 13 sur 20
Réponses sur la Carte
Les réponses sont colorées sur une échelle allant du rouge au vert en fonction du pourcentage des utilisateurs qui les ont devinées à leur premier essai. Vous pouvez retrouver ces pourcentages ci-dessous.
 
Statistiques - réponses
Population Initiale Ville % Correct
166 462 (Le) H Le Havre
100%
116 331 R Rouen
100%
28 599 D Dieppe
99%
17 961 F Fécamp
93%
21 935 (Le) P Le Petit-Quevilly
93%
25 954 (Le) G Le Grand-Quevilly
91%
29 039 S Sotteville-lès-Rouen
74%
28 653 S Saint-Étienne-du-Rouvray
72%
15 774 E Elbeuf
71%
11 548 Y Yvetot
70%
20 188 M Mont-Saint-Aignan
65%
14 497 B Bois-Guillaume
56%
15 671 M Montivilliers
51%
11 618 B Bolbec
50%
14 420 C Canteleu
49%
12 227 B Barentin
47%
11 005 M Maromme
42%
12 287 O Oissel-sur-Seine
41%
10 414 C Caudebec-lès-Elbeuf
38%
10 690 D Déville-lès-Rouen
37%
Aucun quiz correspondant
Distribution des résultats
% des personnes avec chaque résultat
Percentile par nombre de réponses
Votre historique - résultats
Vous n’avez pas pris ce quiz